|
|
|
|
| LEADER |
00000cam a2200000 a 4500 |
| 001 |
vtls010265833 |
| 003 |
SK-MaSNL |
| 005 |
20260331205853.0 |
| 008 |
180809s2011 xo oa b f 000 0 slo |
| 015 |
|
|
|a SNBA2012/04-02132
|
| 020 |
|
|
|a 9788080895174
|q (brož.)
|
| 040 |
|
|
|a SNK
|b slo
|c SNK
|e AACR2
|
| 041 |
1 |
|
|a slo
|h cze
|
| 044 |
|
|
|a xo
|c SK
|
| 072 |
|
7 |
|a 74
|x Kresba. Umelecké remeslá
|2 konspekt
|
| 072 |
|
7 |
|a 0/9-053.2
|x Literatúra pre deti a mládež (náučná)
|2 konspekt
|
| 080 |
|
|
|a 745.54
|2 2001
|
| 080 |
|
|
|a (0.053.2)
|2 2001
|
| 080 |
|
|
|a (035)
|2 2001
|
| 080 |
|
|
|a (084.11)
|2 2001
|
| 100 |
1 |
|
|a Šplíchal, Antonín,
|d 1947-
|4 ill
|9 86269
|
| 245 |
1 |
0 |
|a Najobľúbenejšie skladačky z papiera
|c [ilustroval Antonín Šplíchal a Romana Šíchová ; foto Jiří Vyskočil]
|
| 250 |
|
|
|a 1. vyd.
|
| 260 |
|
|
|a Bratislava
|b Fragment
|c 2011
|
| 300 |
|
|
|a 31 s.
|b fotogr., ilustr.
|c 30 cm
|
| 521 |
|
|
|a Pre deti od 6 rokov
|
| 650 |
0 |
7 |
|a papierové skladačky
|2 SNKPH
|9 3092
|
| 655 |
|
7 |
|a publikácie pre deti
|2 SNKPH
|9 70148
|
| 655 |
|
7 |
|a príručky
|2 SNKPH
|9 74364
|
| 655 |
|
7 |
|a obrazové publikácie
|2 SNKPH
|9 70343
|
| 700 |
1 |
|
|a Šíchová, Romana,
|d 1971-
|4 ill
|9 325338
|
| 700 |
1 |
|
|a Vyskočil, Jiří
|4 pht
|9 314024
|
| 919 |
|
|
|a 978-80-8089-517-4
|
| 958 |
|
|
|a DB
|
| 958 |
|
|
|a UP
|
| 958 |
|
|
|a CZ
|
| 968 |
|
|
|b ČES
|d 0
|
| 999 |
|
|
|c 1007012
|d 1008942
|
| 952 |
|
|
|a SNK
|b SNK
|y PREZ
|7 0
|p 17A0702400
|o snkOSB 16273
|i snk2011/10426
|8 0
|0 0
|1 0
|4 0
|d 2011-05-05
|l 0
|r 2026-02-24 12:39:36
|w 2026-02-24
|
| 952 |
|
|
|a SNK
|b SNK
|y VYP
|7 0
|p 17A0702401
|o snkOSB 16273 D1
|i snk2011/10428
|8 0
|0 0
|1 0
|4 0
|d 2011-05-05
|l 0
|r 2026-02-24 12:39:36
|w 2026-02-24
|